| 000 | 00571nam a22002177a 4500 | ||
|---|---|---|---|
| 003 | OSt | ||
| 005 | 20140310181942.0 | ||
| 008 | 130724t xxu||||| |||| 00| 0 eng d | ||
| 020 | _a1853260649 | ||
| 050 |
_aPR 4165 _b.B869 1995 |
||
| 082 |
_aCLA _bB78s 1993 |
||
| 100 |
_aBronte, Charlotte _93109 |
||
| 245 |
_aShirley / _cCharlotte Bronte. |
||
| 260 |
_aHertfordshire : _bWordsworth Classics, _cc1995 |
||
| 300 |
_a482 p. ; _c20 cm. |
||
| 541 | _j1 | ||
| 562 | _e1 | ||
| 650 |
_aFiction _9746 |
||
| 700 |
_aBronte, Charlotte _93109 |
||
| 942 |
_2lcc _cBBK _kCLA |
||
| 999 |
_c7694 _d7694 |
||